000 00586cam5a220021700 4500
001 zam00003551
008 951128s1877 xx eng u
035 _a(Sirsi) r20877
035 _a(MACHINE)SLC.
100 _aWallace, D. M.
_6A82406.1
245 1 0 _aRussia vol. 2.
260 _c1877.
949 _aDK189
_wlcc
_mMAIN
_p2500
_tSHORTLOAN
_lSHORTLOAN
004 20877
591 _aClass code: H 440.
591 _aCourse: History of the Soviet Union.
591 _aSchool: S05.
591 _aLecturer: Dr. KASHIMANI, F.
591 _aNumber of Students: 18.
909 _aBook
999 _c8532
_d8532